| 000 | 03546cam a22006614i 4500 | ||
|---|---|---|---|
| 003 | PE-LiUPU | ||
| 005 | 20250731165611.0 | ||
| 008 | 150706s2003 cx b ra 000 0 d | ||
| 020 | _a9588060354 | ||
| 035 | _a(Sirsi) i9789588060354 | ||
| 040 |
_aPE-LiUPU _bspa _cPE-LiUPU _erda |
||
| 049 | _aPRUA | ||
| 082 | 0 | 4 |
_a003.3 _bB57 _221 |
| 100 | 1 |
_aBlanco Rivero, Luis Ernesto, _eautor. |
|
| 245 | 1 | 0 |
_aSimulación con promodel : _bcasos de producción y logística / _cLuis Ernesto Blanco Rivero y Iván Darío Fajardo Piedrahíta. |
| 250 | _aSegunda Edición | ||
| 264 | 1 |
_aBogotá : _bEscuela Colombiana de Ingeniería, _c2003. |
|
| 300 |
_a256 páginas : _bilustraciones ; _c25 centímetros |
||
| 300 | _a02 CD-ROM | ||
| 336 |
_atext _2rdacontent |
||
| 337 |
_aunmediated _2rdamedia |
||
| 338 |
_avolume _2rdacarrier |
||
| 490 | 0 | _aColección desarrollo empresarial | |
| 505 | 0 | _aQué es la simulación y para qué sirve: -Modelos para comenzar a simular con ProModel -- ¿Por qué estos modelos? -- Casos de producción -- Teoría de restricciones -- Cajero automático -- Colas M/M/1 -- Cajeros de un banco -- Colas M/M/n -- Sistemas PULL versus sistemas PUSH -- Casos de logística -- Cargue y descargue de camiones -- Búsqueda y asignación de rutas -- Cadena de abastecimientos -- ¿Qué es eso del Crossdocking? -- Centro de distribución de mercancías -- Las tres partes principales del modelo -- Diagnóstico de la operación del centro de distribución -- Unidades movilizadas por personas -- Propuestas de mejoramiento. | |
| 526 | _aSEG44 | ||
| 526 | _aSEG26 | ||
| 526 | _aP151 | ||
| 526 | _aP150 | ||
| 526 | _aP149 | ||
| 526 | _aP146 | ||
| 526 | _aP145 | ||
| 526 | _aP126 | ||
| 526 | _aP125 | ||
| 526 | _aP92 | ||
| 526 | _aP75 | ||
| 526 | _aP74 | ||
| 526 | _aP27 | ||
| 526 | _aP15 | ||
| 541 | _g030-0010751; | ||
| 541 | _g030-0010751; | ||
| 541 | _g0020-0002446; | ||
| 541 | _g0001-0042355; | ||
| 650 | 0 | 4 | _aProModel (Programa para computadoras). |
| 650 | 0 | 4 | _aSimulación por computadores. |
| 650 | 0 | 4 | _aMétodos de simulación. |
| 650 | 0 | 4 | _aAnálisis de sistemas. |
| 910 |
_agl _bjv _clch _d20111024 |
||
| 910 |
_adbm _bmarg _cmarg _d20180119 |
||
| 942 |
_2ddc _cBOOK |
||
| 949 |
_a003.3 B57 _wDEWEY _c1 _i63893 _lCCODEBUL1 _mBUL _p52.00 _r0 _sY _tBOOK _u2015-7-6 _xINGENIERIA _PP27 _o.STAFF. Colección General |
||
| 949 |
_a003.3 B57 _wDEWEY _c2 _i63876 _lCCODEBUL1 _mBUL _p50.00 _r0 _sY _tBOOK _u2015-7-6 _xINGENIERIA _PP27 _o.STAFF. Colección General |
||
| 994 |
_aC0 _bPEPRU |
||
| 596 | _a1 | ||
| 999 |
_a003.3 B57 _wDEWEY _c52742 _i63893 _d52742 _e2017-11-19 _f2019-12-9 _g6 _lDISCARD _mBUL _n2 _p52.00 _q1 _r1 _sY _tBOOK _u2015-7-6 _xINGENIERIA _PP27 _0COMPRA _o.STAFF. Colección Ingeniería y Arquitectura |
||
| 999 |
_a003.3 B57 _wDEWEY _c2 _i63876 _d2017-11-27 _e2017-11-22 _f2019-12-9 _g6 _lDISCARD _mBUL _n7 _p50.00 _q1 _r1 _sY _tBOOK _u2015-7-6 _xINGENIERIA _PP27 _0COMPRA _o.STAFF. Colección General |
||
| 999 |
_a003.3 B57 _wDEWEY _c3 _i76016 _f2022-4-11 _g4 _lCCODEBUL1 _mBUL _p31.59 _r1 _sY _tBOOK _u2017-5-29 _xINGENIERIA _PP27 _0COMPRA _o.STAFF. Colección Ingeniería y Arquitectura |
||
| 999 |
_a003.3 B57 _wDEWEY _c4 _i78186 _f2022-4-11 _g4 _lCCODEBUL1 _mBUL _p32.04 _r1 _sY _tBOOK _u2018-1-19 _xINGENIERIA _PP27 _0COMPRA _o.STAFF. Colección Ingeniería y Arquitectura |
||
| 980 |
_81 _gALBERTO SANCHEZ Responsable de Automatización |
||